| 000 | 00640nam a2200229Ia 4500 | ||
|---|---|---|---|
| 001 | 2284 | ||
| 005 | 20240113233535.0 | ||
| 007 | ta | ||
| 008 | 050223s1923 a g b000 u eng u | ||
| 040 | _aRef.Stack | ||
| 041 | _aeng | ||
| 082 |
_a370.05 _bCu 914 Ge |
||
| 100 | _aCunninghma, J.R. . | ||
| 245 | 0 |
_aGeneral report of Public instruction in Assam for the year 1922 - 23 / _cJ.R.Cunninghma. _hReports |
|
| 250 | _a1st ed / | ||
| 260 |
_aShillong : _bAssam Govt. Press , _c1923. |
||
| 300 |
_a59p. : _bill ; _c32cm. . |
||
| 653 | _aReport : Public instruction in Assam | ||
| 942 |
_2ddc _cBK |
||
| 999 |
_c2277 _d2277 |
||